5 Densest Countries & Territories by Continent (with hints) - Statistics

General Stats
  • This quiz has been taken 27 times
  • The average score is 20 of 30
Answer Stats
Density (/km²) Country / Territory % Correct
South America 26 Chile
88%
Africa 571 Rwanda
88%
Oceania 380 Tuvalu
88%
Europe 1,177 Vatican City
88%
South America 26 Brazil
83%
Africa 516 Burundi
83%
South America 47 Colombia
83%
South America 73 Ecuador
83%
Africa 641 Mauritius
83%
Europe 18,149 Monaco
83%
Oceania 639 Nauru
83%
Asia 8,377 Singapore
83%
South America 33 Venezuela
83%
North America 656 Barbados
79%
Africa 458 Comoros
79%
Europe 1,672 Malta
75%
Asia 7,135 Hong Kong
71%
Oceania 233 Marshall Islands
71%
Asia 21,403 Macau
63%
Asia 1,892 Bahrain
58%
Europe 4,807 Gibraltar
58%
Asia 1,737 Maldives
54%
Oceania 220 American Samoa
50%
North America 590 Aruba
50%
Oceania 320 Guam
50%
North America 642 Saint Martin
46%
North America 1,186 Bermuda
38%
Europe 1,009 Guernsey
33%
Africa 898 Mayotte
33%
North America 1,301 Sint Maarten
21%
No matching quizzes found
Score Distribution
Percent of People with Each Score
Percentile by Number Answered
Your Score History
You have not taken this quiz